000 01037na a2200325 4500
001 17978
003 MIRAKIL
005 20181213154734.0
008 161109b tu 000 0
020 _a9789751940117
040 _aMilas
_btur
_cTR-AnCHP
041 _atur
082 _a338.9331
_bİ73 2007
090 _a338.9331 İ73 2007
245 _aİşgücü piyasası özel ihtisas komisyonu raporu
_cDevlet Planlama Teşkilatı
246 0 _aİşgücü piyasası
260 _aAnkara
_bDevlet Planlama Teşkilatı
_c2007
300 _a128 s.
_btbl.; res.
_c27 sm.
440 _aDPT
_v2709
490 _aÖİK
_v662
500 _aDokuzuncu kalkınma planı 2007-2013
610 _aDevlet Planlama Teşkilatı (DPT)
650 _aKalkınma planları
_yTürkiye
650 _aİşgücü
_xKalkınma planı, 2007
_yRaporlar
710 _aDevlet Planlama Teşkilatı (DPT)
740 _aİşgücü piyasası
830 _aÖzel İhtisas Komisyonu
830 _aDevlet Planlama Teşkilatı Yayınları
942 _2ddc
_cBKS
999 _c129
_d129